1991-2025 Oscar nominated actor/actresses - Statistics

General Stats
  • This quiz has been taken 59 times
  • The average score is 85 of 140
Answer Stats
Hint Answer % Correct
Forrest Gump | Philadelphia Tom Hanks
98%
The Revenant Leonardo DiCaprio
95%
The Brutalist | The Pianist Adrien Brody
90%
Oppenheimer Cillian Murphy
88%
Lincoln | There Will Be Blood Daniel Day-Lewis
88%
La La Land | Poor Things Emma Stone
88%
Joker Joaquin Phoenix
88%
Black Swan Natalie Portman
88%
The Father | The Silence of the Lambs Anthony Hopkins
85%
Erin Brockovich Julia Roberts
85%
The Iron Lady Meryl Streep
85%
Once Upon a Time... in Hollywood Brad Pitt
83%
The Silence of the Lambs Jodie Foster
83%
Bohemian Rhapsody Rami Malek
83%
King Richard Will Smith
83%
Gladiator Russell Crowe
80%
Les Misérables Anne Hathaway
78%
The Whale Brendan Fraser
78%
Fargo | Nomadland | Three Billboards Outside Ebbing, Missouri Frances McDormand
78%
Boys Don't Cry | Million Dollar Baby Hilary Swank
78%
Silver Linings Playbook Jennifer Lawrence
78%
American Beauty | The Usual Suspects Kevin Spacey
78%
Blue Jasmine | The Aviator Cate Blanchett
76%
The Theory of Everything Eddie Redmayne
76%
Monster's Ball Halle Berry
76%
The Dark Knight Heath Ledger
76%
Vicky Cristina Barcelona Penélope Cruz
76%
Oppenheimer Robert Downey Jr.
76%
Scent of a Woman Al Pacino
73%
Training Day Denzel Washington
73%
Dallas Buyers Club Matthew McConaughey
73%
Million Dollar Baby Morgan Freeman
73%
Cold Mountain | Judy Renée Zellweger
73%
Good Will Hunting Robin Williams
73%
Milk | Mystic River Sean Penn
73%
Ghost Whoopi Goldberg
73%
Chicago Catherine Zeta-Jones
71%
Monster Charlize Theron
71%
Django Unchained | Inglourious Basterds Christoph Waltz
71%
The King's Speech Colin Firth
71%
Shakespeare in Love Gwyneth Paltrow
71%
Ray Jamie Foxx
71%
Dallas Buyers Club Jared Leto
71%
Still Alice Julianne Moore
71%
The Reader Kate Winslet
71%
Leaving Las Vegas Nicolas Cage
71%
The Hours Nicole Kidman
71%
The Favourite Olivia Colman
71%
Girl, Interrupted Angelina Jolie
68%
Manchester by the Sea Casey Affleck
68%
Darkest Hour Gary Oldman
68%
As Good as It Gets Jack Nicholson
66%
Everything Everywhere All at Once Jamie Lee Curtis
66%
No Country for Old Men Javier Bardem
66%
The Blind Side Sandra Bullock
66%
The Last King of Scotland Forest Whitaker
63%
The Queen Helen Mirren
63%
Misery Kathy Bates
63%
Green Book | Moonlight Mahershala Ali
63%
Everything Everywhere All at Once Michelle Yeoh
63%
Anora Mikey Madison
63%
Capote Philip Seymour Hoffman
63%
The Fugitive Tommy Lee Jones
63%
Room Brie Larson
61%
Syriana George Clooney
61%
Goodfellas Joe Pesci
61%
La Vie en Rose Marion Cotillard
61%
Walk the Line Reese Witherspoon
61%
The Fighter Christian Bale
59%
As Good as It Gets Helen Hunt
59%
The Eyes of Tammy Faye Jessica Chastain
59%
Fences Viola Davis
59%
Crazy Heart Jeff Bridges
56%
Whiplash J.K. Simmons
56%
Shakespeare in Love Judi Dench
56%
The Cider House Rules Michael Caine
56%
Emilia Pérez Zoe Saldaña
56%
My Cousin Vinny Marisa Tomei
54%
The Help Octavia Spencer
54%
Dreamgirls Jennifer Hudson
51%
L.A. Confidential Kim Basinger
51%
12 Years a Slave Lupita Nyong'o
51%
Life Is Beautiful Roberto Benigni
51%
Unforgiven Gene Hackman
49%
A Real Pain Kieran Culkin
49%
I, Tonya Allison Janney
46%
The Piano Anna Paquin
46%
Jerry Maguire Cuba Gooding Jr.
46%
Judas and the Black Messiah Daniel Kaluuya
46%
Howards End Emma Thompson
46%
The Piano Holly Hunter
44%
The Artist Jean Dujardin
44%
A Beautiful Mind Jennifer Connelly
44%
Boyhood Patricia Arquette
44%
Three Billboards Outside Ebbing, Missouri Sam Rockwell
44%
Dead Man Walking Susan Sarandon
44%
Little Miss Sunshine Alan Arkin
41%
Adaptation Chris Cooper
41%
Marriage Story Laura Dern
41%
Traffic Benicio del Toro
39%
Shine Geoffrey Rush
39%
Reversal of Fortune Jeremy Irons
39%
The English Patient Juliette Binoche
39%
The Fighter Melissa Leo
39%
Precious: Based on the Novel "Push" by Sapphire Mo'Nique
39%
The Constant Gardener Rachel Weisz
39%
If Beale Street Could Talk Regina King
39%
Mystic River Tim Robbins
39%
West Side Story Ariana DeBose
37%
Iris Jim Broadbent
37%
Michael Clayton Tilda Swinton
37%
The Holdovers Da'Vine Joy Randolph
34%
Blue Sky Jessica Lange
34%
Bridge of Spies Mark Rylance
34%
Everything Everywhere All at Once Ke Huy Quan
32%
The Danish Girl Alicia Vikander
29%
City Slickers Jack Palance
29%
Ed Wood Martin Landau
29%
Beginners Christopher Plummer
27%
Bullets over Broadway Dianne Wiest
24%
Mighty Aphrodite Mira Sorvino
24%
CODA Troy Kotsur
24%
Pollock Marcia Gay Harden
20%
Minari Yuh-Jung Youn
20%
Affliction James Coburn
10%
The Fisher King Mercedes Ruehl
7%
No matching quizzes found
Score Distribution
Percent of People with Each Score
Percentile by Number Answered
Your Score History
You have not taken this quiz